The Mughals And The Sufis: (Record no. 200947)

MARC details
000 -LEADER
fixed length control field 00634nam a22001937a 4500
005 - DATE AND TIME OF LATEST TRANSACTION
control field 20240430113913.0
010 ## - LCCN (DPL NO)
LC control number ENG-139399
020 ## - INTERNATIONAL STANDARD BOOK NUMBER
Terms of availability 795.00
International Standard Book Number 9788178246567
035 ## - SYSTEM CONTROL NUMBER
System control number EN-122931
037 ## - SOURCE OF ACQUISITION
Source of stock number/acquisition DBAD/PUB
082 ## - DEWEY DECIMAL CLASSIFICATION NUMBER
Classification number 270.4
100 ## - MAIN ENTRY--PERSONAL NAME
Personal name Alam , Muzaffar
245 ## - TITLE STATEMENT
Title The Mughals And The Sufis:
Remainder of title Islam and Political Imagination In India 1500-1750/
Statement of responsibility, etc By Muzaffar Alam
260 ## - PUBLICATION, DISTRIBUTION, ETC. (IMPRINT)
Place of publication, distribution, etc Ranikhet
Name of publisher, distributor, etc Permanent Black
Date of publication, distribution, etc 2022
270 ## - ADDRESS
Address "Himalayana", Mall Road, Ranikhet Cantt
City Ranikhet
Postal code 263645
300 ## - PHYSICAL DESCRIPTION
Extent 454p.
Dimensions 22cm(pb)
700 ## - ADDED ENTRY--PERSONAL NAME
9 (RLIN) 61889
Personal name Mukherjee, Rudrangshu
942 ## - ADDED ENTRY ELEMENTS (KOHA)
Source of classification or shelving scheme Dewey Decimal Classification
Item type English Books
Call number suffix ALA
Classification part 270.4
Holdings
Withdrawn status Lost status Not for loan Collection code Home library Current library Date acquired Source of acquisition Cost, normal purchase price Full call number Barcode Cost, replacement price Koha item type
      Non-fiction Ashok Vihar Ashok Vihar 21/02/2024 DBAD 795.00 ALA 270.4 EN-122931 795.00 English Books

© Delhi Public Library
Hit Counter
free hit counter